Management science: the art of modeling with spreadsheets

সংরক্ষণ করুন:
গ্রন্থ-পঞ্জীর বিবরন
প্রধান লেখক: Powell, Stephen G (Author), Baker, Kenneth R (Author)
বিন্যাস: গ্রন্থ
ভাষা:ইংরেজি
প্রকাশিত: Hoboken John Wiley and Sons 2009
সংস্করন:3a. ed
বিষয়গুলি:
ট্যাগগুলো: ট্যাগ যুক্ত করুন
কোনো ট্যাগ নেই, প্রথমজন হিসাবে ট্যাগ করুন!

MARC

LEADER 00000cam a2200000 a 4500
001 UCG8601
003 CL-VaPUC
008 111223e20090000US |||||||||||||||||eng|d
020 |a 9780470530672 
082 0 4 |a 650.0113  |b POW  |2 21 
100 0 |a Powell, Stephen G  |e author  |9 559697 
700 0 |a Baker, Kenneth R  |e author  |9 559698 
245 1 0 |a Management science: the art of modeling with spreadsheets 
250 |a 3a. ed 
300 |a 511 p 
942 |c BK 
945 |d 20111223 00:00:00  |a cmena 
260 |a Hoboken  |b John Wiley and Sons  |c 2009 
650 0 |a Administración  |9 259325 
650 0 |a Optimización  |9 339671 
650 0 |a Simulación por computador  |9 260988 
650 0 |a Gestión de la información   |9 362327 
650 0 |a Toma de decisiones   |9 257530 
650 0 |a Planificación estratégica   |9 259735 
583 |a last modification  |c 20111223 12:06:00  |k Rodrigo Vera 
999 |c 346207  |d 346205 
952 |0 0  |1 0  |4 0  |6 650_011300000000000_POW_2009  |7 0  |8 A  |9 446793  |a BIBING  |b BIBING  |d 2019-11-22  |i 4816625  |o 650.0113 POW 2009  |p 4816625  |r 2025-01-20  |w 2019-11-22  |y BK  |k EII